Demokratik halk devrimi (Record no. 1251)

MARC details
000 -BAŞLIK
Sabit Uzunlukta Kontrol Alanı 00692na a2200241 4500
001 - KONTROL NUMARASI
Denetim Alanı 16142
003 - KONTROL NUMARASI IDENTIFIER
Denetim Alanı MIRAKIL
005 - SON İŞLEM TARİHİ VE ZAMANI
Denetim Alanı 20181213154816.0
008 - SABİT-BOY VERİ ELEMANLARI - GENEL BİLGİLER
Sabit Uzunlukta Kontrol Alanı 161108b tu 000 0
035 ## - SİSTEM KONTROL NUMARASI
Sistem Kontrol Numarası 16142
040 ## - KATALOGLAMA KAYNAK
Orijinal Kataloglama Ajansı Milas
Kataloglama Dili tur
Metne Dönüştürmek Ajansı TR-AnCHP
082 ## - DEWEY ONLU SINIFLANDIRMA NUMARASI
Sınıflandırma Numarası CHP 323.2
Ürün Numarası E69d 1977
090 ## - SINIFLAMA NUMARASI
Sınıflama Numarası CHP 323.2 E69d 1977
100 ## - ANA GİRİŞ - KİŞİSEL İSİM
Kişisel Ad Eryıldız, Semih
Bir Adıyla İlişkilendirilen Tarihler 1946 -
245 ## - BAŞLIK TABLOSU
Başlık Demokratik halk devrimi
Başlığın Kalan Demokratik sol
Sorumluluk Tablosu, Vb Semih Eryıldız
260 ## - YAYIN, DAĞITIM, VB
Yayın, Dağıtım, Vb Yeri Ankara
Yayıncı, Dağıtıcı, Vs Adı CHP Gençlik Kolları
Yayın, Dağıtım, Vb Tarihi 1977
300 ## - FİZİKSEL TANIM
Kapsam 2.c.(245 s.)
Boyutlar 16 sm.
490 ## - SERİSİ TABLOSU
Seri Beyanı Bilim Dizisi
Hacim / Ardışık Tanımı 6
500 ## - GENEL NOT
Genel Not Kütüphanemizde 2. cilt bulunmaktadır.
610 ## - KONU KATMA GİRİŞ - TOPLANTI ADI
Giriş Elemanı Olarak Kurumsal Ad Veya Yargı Alanı Adı CHP
Genel Alt Bölüm Demokratik Sol
610 ## - KONU KATMA GİRİŞ - TOPLANTI ADI
Giriş Elemanı Olarak Kurumsal Ad Veya Yargı Alanı Adı CHP
Genel Alt Bölüm Demokrasi
942 ## - EKLENDİ GİRİŞ ELEMANLARI (KOHA)
Sınıflandırma Veya Raf Düzeni Kaynak Dewey Decimal Classification
Koha Öğesi Türü Books
999 ## - SİSTEM KONTROL NUMARALARI (KOHA)
Koha Biblionumber 1251
Koha Biblioitemnumber 1251
Holdings
Kullanım Kısıtlamaları Kalıcı Konum Mevcut Konum Edinme Tarihi Edinim Kaynak Toplam Check-Out'Lar Tam Çağrı Numarası Barkod Tarih Son Görülme İtibaren Geçerli Fiyatlar Koha Öğesi Türü
Kütüphane dışına çıkarılamaz CHP Kütüphanesi CHP Kütüphanesi 09/30/2016 Bağış   CHP 323.2 E69d 1977 004678 09/30/2016 09/30/2016 Books